| 000 | 00370nam a2200109Ia 4500 | ||
|---|---|---|---|
| 008 | 171204s9999 xx 000 0 und d | ||
| 245 | _aUnruly Media: Youtube, Music Video, And The New Digital Cinema: | ||
| 245 | _cCarol Vernallis | ||
| 260 | _c2013 | ||
| 650 | _xVIDEO PRODUCTION AND DIRECTION | ||
| 856 | _uhttp://down.ebook777.com/001/UnrMedYouMusVidAndTheNewDigCin.pdf | ||
| 999 |
_c346198 _d346198 |
||